Investičný majetok z hľadiska DPH a úprava dane odpočítanej pri investičnom majetku v roku 2022 (II.)
Po nadobudnutí investičného majetku alebo jeho vytvorení na vlastné náklady sú platitelia dane povinní sledovať účel jeho použitia pri zmene charakteru podnikateľskej činnosti a rovnako tak aj sledovať rozsah jeho použitia na podnikanie a na iný účel ako na podnikanie.
Salvato in:
| Autore principale: | |
|---|---|
| Natura: | Capitolo di libro |
| Lingua: | slovacco |
| Soggetti: | |
| Tags: |
Nessun Tag, puoi essere il primo ad aggiungerne!!
|
MARC
| LEADER | 00000naa a2200000 4500 | ||
|---|---|---|---|
| 001 | 0289333 | ||
| 005 | 20240502074431.7 | ||
| 041 | 0 | |a slo | |
| 044 | |a SK | ||
| 245 | 1 | 0 | |a Investičný majetok z hľadiska DPH a úprava dane odpočítanej pri investičnom majetku v roku 2022 (II.) |c Marcela Rabatinová |
| 520 | |a Po nadobudnutí investičného majetku alebo jeho vytvorení na vlastné náklady sú platitelia dane povinní sledovať účel jeho použitia pri zmene charakteru podnikateľskej činnosti a rovnako tak aj sledovať rozsah jeho použitia na podnikanie a na iný účel ako na podnikanie. | ||
| 610 | 2 | 0 | |a majetok investičný |
| 610 | 2 | 0 | |a podnikanie |
| 610 | 2 | 0 | |a dane |
| 100 | 1 | |a Rabatinová, Marcela, 1977- | |